Plnenie druhého miléniového cieľa vo vybraných štátoch sveta bakalárska práca

Na minha lista:
Detalhes bibliográficos
Autor principal: Šmilňák, Patrik
Autor Corporativo: Fakulta medzinárodných vzťahov EU. Katedra medzinárodných ekonomických vzťahov a hospodárskej diplomacie
Outros Autores: Meričková, Laura
Formato: Livro
Idioma:eslovaco
Publicado em: Bratislava 2014
Tags: Adicionar Tag
Sem tags, seja o primeiro a adicionar uma tag!

MARC

LEADER 00000nbm a2200000 4500
001 0191651
005 20170201090756.6
041 0 |a slo 
044 |a SK 
245 1 0 |a Plnenie druhého miléniového cieľa vo vybraných štátoch sveta  |b bakalárska práca  |c Patrik Šmilňák ; školiteľ: Laura Meričková 
264 1 |a Bratislava  |c 2014 
300 |a 59 s. 
100 1 |a Šmilňák, Patrik 
700 1 |a Meričková, Laura 
710 2 |a Fakulta medzinárodných vzťahov EU. Katedra medzinárodných ekonomických vzťahov a hospodárskej diplomacie